000 00275nam a2200109Ia 4500
008 190216s9999||||xx |||||||||||||| ||und||
100 _aRussell A Stultz
245 0 _aAutobiography Of Bertrand Russel
260 _bGeorge Allen & Unwin Ltd
650 _aEnglish
942 _cBK
999 _c12264
_d12264